00441pab a2200145 454500008004000000100002100040245009700061260000900158300001500167362001200182650001800194650003300212650001600245773003400261180718b2017 xxu||||| |||| 00| 0 eng d aKumar, K. Sunil  aSocial status, identity and public sphere: a discourse on the transgender sections in Kerala c2017 ap.291-302. aJul-Sep aSocial status aTransgender - India - Kerala aTransgender aSocial Science in Perspective